000 00805nam a22002177a 4500
005 20241217125035.0
010 _aENG-142893
020 _a9789380831060
_c181.00
035 _aEN-126425
037 _bDBAD
082 _a658.8
100 _aSudhir, Bodduluri
_975260
245 _aServices Marketing:
_bText and cases/
_cBy Bodduluri Sudhir; K V S N Jawahar babu [and] S E V Subtahmanyam
250 _a1
260 _aHyderabad
_bStudenthelpline Publishing House Pvt Ltd
_c2011
270 _a#326/C, Surneni Nilayam Near B K Guda, S.R. Nagar
_bHyderabad
_e500038
_k+91-40-23710657
_k+91-40-32494570
_minfo@studenthelpline.in
300 _avpp.
_c24cm(pb)
700 _ababu, K V S N Jawahar
_974740
700 _aSubtahmanyam, S E V
_eAuthor
_974741
942 _2ddc
_cEN
_h625.8
_mSUB
999 _c207440
_d207440